|
|
|
|
| LEADER |
01298nam a2200313 i 4500 |
| 001 |
36621 |
| 003 |
BD-DhAAL |
| 005 |
20191120132930.0 |
| 008 |
191120r19761974enka b 001 0 eng d |
| 999 |
|
|
|c 41860
|d 41860
|
| 010 |
|
|
|a 75316556
|
| 015 |
|
|
|a GB75-05444
|
| 020 |
|
|
|a 0860031012 (pbk)
|
| 020 |
|
|
|a 0860030024 (hbk) :
|c £4.00.
|
| 040 |
|
|
|a DLC
|c DLC
|d DLC
|d BD-DhAAL
|
| 050 |
0 |
0 |
|a HB171.5
|b .L33
|
| 082 |
0 |
0 |
|a 330
|
| 100 |
1 |
|
|a Laidler, David E. W.
|9 37465
|
| 245 |
1 |
0 |
|a Introduction to microeconomics /
|c David Laidler.
|
| 260 |
|
|
|a Oxford :
|b Philip Allan Publishers Ltd,
|c c1974 [reprinted 1976]
|
| 300 |
|
|
|a viii, 269 pages :
|b illustrations ;
|c 23 cm.
|
| 500 |
|
|
|a Includes index.
|
| 504 |
|
|
|a Includes bibliographical references (pages 263-265)
|
| 526 |
|
|
|a ESS
|
| 541 |
|
|
|a Complimentary copy from Professor Dr. Nasreen Khundker
|e 36621
|
| 650 |
|
0 |
|a Microeconomics.
|9 37466
|
| 852 |
|
|
|a Ayesha Abed Library
|c General Stacks
|
| 942 |
|
|
|2 ddc
|c BK
|
| 952 |
|
|
|0 0
|1 0
|2 ddc
|4 0
|6 330_000000000000000_LAI
|7 0
|9 67230
|a BRACUL
|b BRACUL
|c GEN
|d 2019-11-20
|e Complimentary copy from Professor Dr. Nasreen Khundker
|l 1
|o 330 LAI
|p 3010036621
|r 2022-09-12
|s 2022-09-04
|t 1
|w 2019-11-20
|y BK
|x Complimentary copy from Professor Dr. Nasreen Khundker ; Previously missing book recovered on 10 August 2025 ; £3.00
|